|
|
|
|
| LEADER |
00000cam a2200000 7i4500 |
| 001 |
0000003211 |
| 005 |
20050315.0 |
| 020 |
0 |
0 |
|a 9677002775
|
| 090 |
0 |
0 |
|a 354.595007
|b MAL
|
| 110 |
1 |
0 |
|a Malaysia
|
| 245 |
0 |
0 |
|a Pekeliling Kemajuan Pentadbiran Awam :
|b Semua pindaan hingga Januari, 2005
|
| 260 |
0 |
0 |
|a Kuala Lumpur :
|b MDC Penerbit Pencetak ,
|c 2005
|
| 300 |
|
|
|a vi, 523ms. ;
|c 26cm.
|
| 440 |
0 |
0 |
|a Undang-undang Malaysia
|
| 500 |
0 |
0 |
|a Bil.1 tahun 1991 hingga Bil.11 tahun 1991. - Bil.1 tahun 1992 hingga Bil. 4 tahun 1992. - Bil.1 tahun 1993 himgga Bil.3 tahun 1993. - Bil.1 tahun 1994, Bil 1 tahun 1995, Bil. 1 tahun 1996 hingga Bil. 2 tahun1996, Bil. 1 tahun 1997, Bil. 1 tahun 2001,Bil. 1 tahun 2002 dan Bil. 2 tahun 2002 & FAQ
|
| 650 |
0 |
0 |
|a Office practice in government
|x Handbooks, manuals, etc.
|z Malaysia
|
| 650 |
0 |
0 |
|a Public administration
|x Handbooks, manuals, etc.
|z Malaysia
|
| 999 |
|
|
|a 0000006172
|b Monograph
|c Open Shelf
|e Default branch
|
| 999 |
|
|
|a 0000006174
|b Monograph
|c Open Shelf
|e Default branch
|
| 999 |
|
|
|a 0000006175
|b Monograph
|c Open Shelf
|e Default branch
|
| 999 |
|
|
|a 0000006176
|b Monograph
|c Open Shelf
|e Default branch
|
| 999 |
|
|
|a 6173
|b Monograph
|c Reference
|e Default branch
|